Statistics for Europe by Borders in 45 Seconds

Click here to take the quiz!

General Stats

  • This quiz has been taken 69 times
  • The average score is 43 of 45

Answers on the Map

Answers color-coded by a green-red scale on the quiz's map according to % correct below.
 

Answer Stats

Country% Correct
Hungary
100%
Romania
100%
Ukraine
100%
Austria
98%
Belgium
98%
Bulgaria
98%
Czech Republic
98%
Denmark
98%
Finland
98%
France
98%
Germany
98%
Greece
98%
Ireland
98%
Italy
98%
Luxembourg
98%
Macedonia
98%
Netherlands
98%
Norway
98%
Poland
98%
Russia
98%
Serbia
98%
Slovakia
98%
Slovenia
98%
Spain
98%
Sweden
98%
Switzerland
98%
United Kingdom
98%
Albania
96%
Belarus
96%
Estonia
96%
Iceland
96%
Latvia
96%
Vatican City
96%
Andorra
95%
Croatia
95%
Lithuania
95%
San Marino
95%
Bosnia and
Herzegovina
93%
Kosovo
93%
Moldova
93%
Montenegro
93%
Portugal
93%
Monaco
88%
Liechtenstein
84%
Malta
82%

Score Distribution

Percentile by Number Answered

Percent of People with Each Score

Your Score History

You have not taken this quiz